| 000 | 00820nas a2200277 4500 | ||
|---|---|---|---|
| 001 | BR0301771 | ||
| 003 | BR-BrBNA | ||
| 005 | 20231205103725.0 | ||
| 007 | ta | ||
| 008 | 230509b bl.|||p| |||| 00| 00por d | ||
| 040 |
_aBR-BrBNA _bpor _cBiblioteca Nacional de Agricultura |
||
| 041 | _a(Pt) | ||
| 072 | _aS01; E50 | ||
| 100 | 1 | _aRibeiro, E.L. de A. | |
| 100 | 1 | _aRibeiro, H.J.S. de S. | |
| 111 | 1 | _dUso nutricional e terapêutico do leite de cabra | |
| 650 | _aLEITE DE CABRA | ||
| 650 | _aALERGIA | ||
| 650 | _aVALOR NUTRITIVO | ||
| 650 | _aCOMPOSIÇÃO DE ALIMENTO | ||
| 650 | _aNUTRIÇÃO HUMANA | ||
| 650 | _aSAÚDE | ||
| 773 | 0 |
_tSemina Ciencias Agrarias (Brazil) _xISSN 1676-546X _g(Jul-Dec 2001), v. 22(2) p. 229-235 _wBR0301771 |
|
| 909 |
_a202311 _bLúcia _c55 _dLúcia Elande |
||
| 942 |
_2AGRIS _n0 _cANA |
||
| 999 |
_c174386 _d174386 |
||